<?xml version="1.0" encoding="UTF-8"?>
<record
    xmlns:xsi="http://www.w3.org/2001/XMLSchema-instance"
    xsi:schemaLocation="http://www.loc.gov/MARC21/slim http://www.loc.gov/standards/marcxml/schema/MARC21slim.xsd"
    xmlns="http://www.loc.gov/MARC21/slim">

  <leader>00535nam a22001337a 4500</leader>
  <datafield tag="040" ind1=" " ind2=" ">
    <subfield code="c">RUA</subfield>
  </datafield>
  <datafield tag="082" ind1=" " ind2=" ">
    <subfield code="a">VEM KEO 2015 B485 Or.1</subfield>
  </datafield>
  <datafield tag="100" ind1=" " ind2=" ">
    <subfield code="a">KEO THOL; &#x1780;&#x17C2;&#x179C; &#x1790;&#x17BB;&#x179B;</subfield>
  </datafield>
  <datafield tag="245" ind1=" " ind2=" ">
    <subfield code="a">Effect of levamisol in toxocara vitulolum on calf in bati district, takeo province, &#x1794;&#x17D2;&#x179A;&#x179F;&#x17B7;&#x1791;&#x17D2;&#x1792;&#x1797;&#x17B6;&#x1796; LEVAMISON &#x1791;&#x17C5;&#x179B;&#x17BE; TOXOCARA VITULOLUM &#x179B;&#x17BE;&#x1780;&#x17BC;&#x1793;&#x1782;&#x17C4;&#x1793;&#x17C5;&#x179F;&#x17D2;&#x179A;&#x17BB;&#x1780;&#x1794;&#x17B6;&#x1791;&#x17B8; &#x1781;&#x17C1;&#x178F;&#x17D2;&#x178F;&#x178F;&#x17B6;&#x1780;&#x17C2;&#x179C;</subfield>
  </datafield>
  <datafield tag="260" ind1=" " ind2=" ">
    <subfield code="a">RUA</subfield>
    <subfield code="b">KEO</subfield>
    <subfield code="c">2015</subfield>
  </datafield>
  <datafield tag="300" ind1=" " ind2=" ">
    <subfield code="a">x,38p.</subfield>
    <subfield code="b">ill.</subfield>
    <subfield code="c">29cm.</subfield>
  </datafield>
  <datafield tag="856" ind1=" " ind2=" ">
    <subfield code="u"> KEO THOL</subfield>
  </datafield>
  <datafield tag="942" ind1=" " ind2=" ">
    <subfield code="c">VEM</subfield>
  </datafield>
  <datafield tag="999" ind1=" " ind2=" ">
    <subfield code="c">10446</subfield>
    <subfield code="d">10446</subfield>
  </datafield>
  <datafield tag="952" ind1=" " ind2=" ">
    <subfield code="0">0</subfield>
    <subfield code="1">0</subfield>
    <subfield code="2">ddc</subfield>
    <subfield code="4">0</subfield>
    <subfield code="6">VEM_KEO_2015_000000000000000_B485_OR_1</subfield>
    <subfield code="7">0</subfield>
    <subfield code="9">53687</subfield>
    <subfield code="a">LBB</subfield>
    <subfield code="b">LBB</subfield>
    <subfield code="c">B485</subfield>
    <subfield code="d">2016-10-22</subfield>
    <subfield code="o">VEM KEO 2015 B485 Or.1</subfield>
    <subfield code="p">A01530</subfield>
    <subfield code="r">2016-10-22</subfield>
    <subfield code="w">2016-10-22</subfield>
    <subfield code="y">VEM</subfield>
  </datafield>
  <datafield tag="952" ind1=" " ind2=" ">
    <subfield code="0">0</subfield>
    <subfield code="1">0</subfield>
    <subfield code="2">ddc</subfield>
    <subfield code="4">0</subfield>
    <subfield code="6">VEM_KEO_2015_000000000000000_B485_OR_2</subfield>
    <subfield code="7">0</subfield>
    <subfield code="9">53688</subfield>
    <subfield code="a">LBB</subfield>
    <subfield code="b">LBB</subfield>
    <subfield code="c">B485</subfield>
    <subfield code="d">2016-10-22</subfield>
    <subfield code="o">VEM KEO 2015 B485 Or.2</subfield>
    <subfield code="p">A02250</subfield>
    <subfield code="r">2016-10-22</subfield>
    <subfield code="w">2016-10-22</subfield>
    <subfield code="y">VEM</subfield>
  </datafield>
  <datafield tag="952" ind1=" " ind2=" ">
    <subfield code="0">0</subfield>
    <subfield code="1">0</subfield>
    <subfield code="2">ddc</subfield>
    <subfield code="4">0</subfield>
    <subfield code="6">VEM_KEO_2015_000000000000000_B485_OR_3</subfield>
    <subfield code="7">0</subfield>
    <subfield code="9">53689</subfield>
    <subfield code="a">LBB</subfield>
    <subfield code="b">LBB</subfield>
    <subfield code="c">B485</subfield>
    <subfield code="d">2016-10-22</subfield>
    <subfield code="o">VEM KEO 2015 B485 Or.3</subfield>
    <subfield code="p">A02332</subfield>
    <subfield code="r">2016-10-22</subfield>
    <subfield code="w">2016-10-22</subfield>
    <subfield code="y">VEM</subfield>
  </datafield>
  <datafield tag="952" ind1=" " ind2=" ">
    <subfield code="0">0</subfield>
    <subfield code="1">0</subfield>
    <subfield code="2">ddc</subfield>
    <subfield code="4">0</subfield>
    <subfield code="6">VEM_KEO_2015_000000000000000_B485_OR_4</subfield>
    <subfield code="7">0</subfield>
    <subfield code="9">53690</subfield>
    <subfield code="a">LBB</subfield>
    <subfield code="b">LBB</subfield>
    <subfield code="c">B485</subfield>
    <subfield code="d">2016-10-22</subfield>
    <subfield code="o">VEM KEO 2015 B485 Or.4</subfield>
    <subfield code="p">A02608</subfield>
    <subfield code="r">2016-10-22</subfield>
    <subfield code="w">2016-10-22</subfield>
    <subfield code="y">VEM</subfield>
  </datafield>
  <datafield tag="952" ind1=" " ind2=" ">
    <subfield code="0">0</subfield>
    <subfield code="1">0</subfield>
    <subfield code="2">ddc</subfield>
    <subfield code="4">0</subfield>
    <subfield code="6">VEM_KEO_2015_000000000000000_B485_OR_5</subfield>
    <subfield code="7">0</subfield>
    <subfield code="9">53691</subfield>
    <subfield code="a">LBB</subfield>
    <subfield code="b">LBB</subfield>
    <subfield code="c">B485</subfield>
    <subfield code="d">2016-10-22</subfield>
    <subfield code="o">VEM KEO 2015 B485 Or.5</subfield>
    <subfield code="p">A01765</subfield>
    <subfield code="r">2016-10-22</subfield>
    <subfield code="w">2016-10-22</subfield>
    <subfield code="y">VEM</subfield>
  </datafield>
  <datafield tag="952" ind1=" " ind2=" ">
    <subfield code="0">0</subfield>
    <subfield code="1">0</subfield>
    <subfield code="2">ddc</subfield>
    <subfield code="4">0</subfield>
    <subfield code="6">VEM_KEO_2015_000000000000000_B485_OR_6</subfield>
    <subfield code="7">0</subfield>
    <subfield code="9">53692</subfield>
    <subfield code="a">LBB</subfield>
    <subfield code="b">LBB</subfield>
    <subfield code="c">B485</subfield>
    <subfield code="d">2016-10-22</subfield>
    <subfield code="o">VEM KEO 2015 B485 Or.6</subfield>
    <subfield code="p">A02157</subfield>
    <subfield code="r">2016-10-22</subfield>
    <subfield code="w">2016-10-22</subfield>
    <subfield code="y">VEM</subfield>
  </datafield>
  <datafield tag="952" ind1=" " ind2=" ">
    <subfield code="0">0</subfield>
    <subfield code="1">0</subfield>
    <subfield code="2">ddc</subfield>
    <subfield code="4">0</subfield>
    <subfield code="6">VEM_KEO_2015_000000000000000_B485_OR_7</subfield>
    <subfield code="7">0</subfield>
    <subfield code="9">53693</subfield>
    <subfield code="a">LBB</subfield>
    <subfield code="b">LBB</subfield>
    <subfield code="c">B485</subfield>
    <subfield code="d">2016-10-22</subfield>
    <subfield code="o">VEM KEO 2015 B485 Or.7</subfield>
    <subfield code="p">A00271</subfield>
    <subfield code="r">2016-10-22</subfield>
    <subfield code="w">2016-10-22</subfield>
    <subfield code="y">VEM</subfield>
  </datafield>
  <datafield tag="952" ind1=" " ind2=" ">
    <subfield code="0">0</subfield>
    <subfield code="1">0</subfield>
    <subfield code="2">ddc</subfield>
    <subfield code="4">0</subfield>
    <subfield code="6">VEM_KEO_2015_000000000000000_B485_OR_8</subfield>
    <subfield code="7">0</subfield>
    <subfield code="9">53694</subfield>
    <subfield code="a">LBB</subfield>
    <subfield code="b">LBB</subfield>
    <subfield code="c">B485</subfield>
    <subfield code="d">2016-10-22</subfield>
    <subfield code="o">VEM KEO 2015 B485 Or.8</subfield>
    <subfield code="p">A00267</subfield>
    <subfield code="r">2016-10-22</subfield>
    <subfield code="w">2016-10-22</subfield>
    <subfield code="y">VEM</subfield>
  </datafield>
</record>
